MARC

LEADER 00000nam0a2200000 4500
001 38459
005 20231101210512.0
035 |a (RuTPU)RU\TPU\book\39216 
090 |a 38459 
100 |a 20020306d1986 km y0rusy50 ca 
101 0 |a rus 
102 |a RU 
105 |a a g 001zy 
200 1 |a Справочник нефтепереработчика  |f под ред. Г. А. Ластовкина, Е. Д. Радченко, М. Г. Рудина 
210 |a Ленинград  |c Химия  |d 1986 
215 |a 648 с.  |c ил. 
225 1 |a Справочник 
320 |a Библиогр. в конце глав. 
606 1 |a Нефтепереработка  |2 stltpush  |3 (RuTPU)RU\TPU\subj\72833  |9 86220 
610 1 |a химическая технология 
610 1 |a нефть 
610 1 |a нефтепродукты 
610 1 |a переработка 
610 1 |a крекинг 
610 1 |a масла 
610 1 |a производство 
610 1 |a парафины 
610 1 |a церезины 
610 1 |a ароматические углеводороды 
610 1 |a битумы 
610 1 |a печи трубчатые 
610 1 |a массообменные аппараты 
610 1 |a теплообменная аппаратура 
610 1 |a кристаллизаторы 
610 1 |a насосы 
610 1 |a смазки 
610 1 |a электроснабжение 
610 1 |a теплоснабжение 
610 1 |a водоснабжение 
610 1 |a канализация 
610 1 |a окружающая среда 
610 1 |a охрана 
610 1 |a газовые выбросы 
610 1 |a атмосферный воздух 
610 1 |a водная среда 
610 1 |a сточные воды 
610 1 |a защита 
610 1 |a экология 
610 1 |a техника безопасности 
610 1 |a справочники 
675 |a 665.63(035)  |v 3 
702 1 |a Ластовкин  |b Г. А.  |4 340 
702 1 |a Радченко  |b Е. Д.  |4 340 
702 1 |a Рудин  |b М. Г.  |4 340 
801 1 |a RU  |b 63413507  |c 20020306  |g PSBO 
801 2 |a RU  |b 63413507  |c 20201021  |g PSBO 
942 |c BK